[Event "Velika Gorica op 11th"]
[Site "Velika Gorica"]
[Date "2013.08.21"]
[Round "3"]
[White "Jurkovic, Ante"]
[Black "Celepirovic, Vinko"]
[Result "1-0"]
[WhiteElo "2329"]
[BlackElo "1993"]
[PlyCount "101"]
[EventDate "2013.08.19"]
[EventType "swiss"]
[EventRounds "9"]
[EventCountry "CRO"]
[SourceTitle "CBM 156 Extra"]
[Source "ChessBase"]
[SourceDate "2013.10.22"]
[SourceVersion "1"]
[SourceVersionDate "2013.10.22"]
[SourceQuality "1"]

1. e4 c5 2. Nf3 d6 3. d4 cxd4 4. Nxd4 Nf6 5. Nc3 e6 6. Be3 Nc6 7. f3 a6 8. Qd2 Qc7 9. 0-0-0 h6 10. Bc4 Ne5 11. Bb3 Nc4 12. Bxc4 Qxc4 13. Nb3 Qc7 14. Qf2 Nd7 15. Kb1 b5 16. Rhe1 Bb7 17. Bd4 Rc8 18. f4 e5 19. Nd5 Bxd5 20. exd5 Be7 21. Bc3 0-0 22. fxe5 dxe5 23. d6 Bxd6 24. Qd2 b4 25. Qxd6 bxc3 26. Qxd7 Qb8 27. Qd6 Rfd8 28. Qxb8 Rxd1+ 29. Rxd1 Rxb8 30. bxc3 f6 31. Rd7 Rc8 32. Kb2 Rc6 33. Nd2 Kf8 34. c4 g6 35. Kc3 f5 36. Nf3 e4 37. Nd4 Rf6 38. c5 Ke8 39. Rb7 f4 40. Rb1 g5 41. Re1 e3 42. Kd3 Kd7 43. Rb1 Kc7 44. Ke4 e2 45. Re1 f3 46. gxf3 Rf4+ 47. Kd5 Rh4 48. Rxe2 Kd7 49. c6+ Kd8 50. c3 g4 51. Kd6 1-0

[Event "Velika Gorica op 11th"]
[Site "Velika Gorica"]
[Date "2013.08.19"]
[Round "1"]
[White "Celepirovic, Vinko"]
[Black "Loncar, Robert"]
[Result "0-1"]
[WhiteElo "1993"]
[BlackElo "2380"]
[PlyCount "66"]
[EventDate "2013.08.19"]
[EventType "swiss"]
[EventRounds "9"]
[EventCountry "CRO"]
[SourceTitle "CBM 156 Extra"]
[Source "ChessBase"]
[SourceDate "2013.10.22"]
[SourceVersion "1"]
[SourceVersionDate "2013.10.22"]
[SourceQuality "1"]

1. e4 c5 2. Nc3 a6 3. a4 e6 4. Nf3 d6 5. Be2 Nf6 6. d4 cxd4 7. Nxd4 Be7 8. 0-0 0-0 9. Be3 e5 10. Nf5 Bxf5 11. exf5 d5 12. Bg5 Nbd7 13. Qd3 h6 14. Bxf6 Nxf6 15. Rfd1 e4 16. Qd4 Rc8 17. b4 Qc7 18. Nxd5 Nxd5 19. Qxd5 Bf6 20. Ra2 e3 21. fxe3 Qe7 22. c4 Qxe3+ 23. Kh1 Rcd8 24. Rd3 Qc1+ 25. Rd1 Qc3 26. Qe4 Rxd1+ 27. Bxd1 Rd8 28. Bc2 Kf8 29. g3 Re8 30. Qd3 Qe1+ 31. Kg2 Re2+ 32. Kh3 Qf1+ 33. Kg4 h5+ 0-1

[Event "CRO-chT4A Center"]
[Site "Zagreb"]
[Date "2010.11.14"]
[Round "11.23"]
[White "Ranogajec, Vlado"]
[Black "Celepirovic, Vinko"]
[Result "1-0"]
[WhiteElo "2074"]
[BlackElo "1964"]
[PlyCount "73"]
[EventDate "2010.03.21"]
[EventType "team-tourn"]
[EventRounds "11"]
[EventCountry "CRO"]
[SourceTitle "EXT 2012"]
[Source "ChessBase"]
[SourceDate "2011.11.24"]
[SourceVersion "1"]
[SourceVersionDate "2011.11.24"]
[SourceQuality "1"]

1. d4 d5 2. c4 c6 3. Nc3 Nf6 4. Nf3 e6 5. Bg5 Be7 6. e3 Nbd7 7. Bd3 dxc4 8. Bxc4 Qa5 9. 0-0 h6 10. Bh4 Bb4 11. Qb3 Nb6 12. a3 Bxc3 13. bxc3 Ne4 14. Rfc1 g5 15. Bd3 f5 16. Bg3 Nxg3 17. fxg3 0-0 18. Ne5 Kg7 19. e4 c5 20. Nc4 Nxc4 21. Qxc4 Bd7 22. dxc5 Qc7 23. exf5 exf5 24. Re1 Rae8 25. Qd5 Bc6 26. Qd4+ Kg6 27. g4 Be4 28. gxf5+ Bxf5 29. Bxf5+ Kxf5 30. Rxe8 Rxe8 31. Rf1+ Kg6 32. Rf6+ Kh7 33. Qd3+ Kh8 34. Rxh6+ Kg8 35. Qg6+ Kf8 36. Rh8+ Ke7 37. Rxe8+ 1-0

[Event "CRO-chT4A Center"]
[Site "Zagreb"]
[Date "2010.10.24"]
[Round "9.13"]
[White "Celepirovic, Vinko"]
[Black "Benamatic, Kresimir"]
[Result "0-1"]
[WhiteElo "1964"]
[BlackElo "2012"]
[PlyCount "74"]
[EventDate "2010.03.21"]
[EventType "team-tourn"]
[EventRounds "11"]
[EventCountry "CRO"]
[SourceTitle "EXT 2012"]
[Source "ChessBase"]
[SourceDate "2011.11.24"]
[SourceVersion "1"]
[SourceVersionDate "2011.11.24"]
[SourceQuality "1"]

1. e4 c5 2. Nc3 Nc6 3. Nf3 d6 4. d4 cxd4 5. Nxd4 Nf6 6. f3 e5 7. Nf5 Bxf5 8. exf5 d5 9. a3 d4 10. Na2 Be7 11. Bd3 0-0 12. 0-0 Qb6 13. Kh1 Rad8 14. g4 Nd5 15. Rg1 Bh4 16. Qf1 Ne3 17. Qh3 Bg5 18. Qh5 f6 19. h4 Bf4 20. g5 Ne7 21. Bxe3 Bxe3 22. Qg4 Bxg1 23. Rxg1 Kh8 24. Nc1 Nd5 25. Ne2 Ne3 26. Qh3 Qxb2 27. Ng3 Qxa3 28. Nh5 Qe7 29. gxf6 gxf6 30. Ng3 Rg8 31. h5 Rg5 32. h6 Rdg8 33. Ne2 Rxg1+ 34. Nxg1 Rg5 35. f4 Rg4 36. fxe5 Qxe5 37. Ne2 Qd5+ 0-1

[Event "CRO-chT4A Center"]
[Site "Zagreb"]
[Date "2010.10.17"]
[Round "8.63"]
[White "Materni, Anton"]
[Black "Celepirovic, Vinko"]
[Result "1/2-1/2"]
[WhiteElo "2087"]
[BlackElo "1964"]
[PlyCount "118"]
[EventDate "2010.03.21"]
[EventType "team-tourn"]
[EventRounds "11"]
[EventCountry "CRO"]
[SourceTitle "EXT 2012"]
[Source "ChessBase"]
[SourceDate "2011.11.24"]
[SourceVersion "1"]
[SourceVersionDate "2011.11.24"]
[SourceQuality "1"]

1. e4 g6 2. Nf3 Bg7 3. Bc4 d6 4. 0-0 e6 5. d4 Ne7 6. c3 0-0 7. Re1 a6 8. Be3 b5 9. Bd3 Bb7 10. Qd2 Nd7 11. Bh6 c5 12. a4 Qb6 13. Bxg7 Kxg7 14. axb5 axb5 15. Na3 Ba6 16. Nc2 Ra7 17. Ne3 Rfa8 18. Ng4 Ng8 19. Qf4 h6 20. h4 b4 21. Bxa6 b3 22. e5 d5 23. Ne3 c4 24. g4 Rxa6 25. Rab1 Ra2 26. h5 g5 27. Nxg5 hxg5 28. Qxg5+ Kh7 29. Kg2 Qd8 30. Qf4 f6 31. g5 fxg5 32. Qf7+ Kh8 33. Qxe6 Nf8 34. Qxd5 Qxd5+ 35. Nxd5 Ne6 36. Nb6 Rf8 37. Nxc4 Ne7 38. Ne3 Nf4+ 39. Kh2 Nd3 40. Re2 Nxf2 41. Rf1 Ng4+ 42. Kg1 Rxf1+ 43. Nxf1 Ra1 44. Kg2 Rc1 45. Ng3 Nd5 46. Kf3 Nh6 47. e6 g4+ 48. Ke4 Nf6+ 49. Ke5 Kg7 50. d5 Nhg8 51. Nf5+ Kf8 52. d6 Rc2 53. Nd4 Rxe2+ 54. Nxe2 Nxh5 55. c4 g3 56. c5 Nhf6 57. c6 Ng4+ 58. Kf5 Ne3+ 59. Kg6 Nc4 1/2-1/2

[Event "CRO-chT4A Center"]
[Site "Zagreb"]
[Date "2010.03.21"]
[Round "1.52"]
[White "Dotlic, Zdravko"]
[Black "Celepirovic, Vinko"]
[Result "1-0"]
[WhiteElo "1996"]
[BlackElo "2002"]
[PlyCount "157"]
[EventDate "2010.03.21"]
[EventType "team-tourn"]
[EventRounds "11"]
[EventCountry "CRO"]
[SourceTitle "EXT 2012"]
[Source "ChessBase"]
[SourceDate "2011.11.24"]
[SourceVersion "1"]
[SourceVersionDate "2011.11.24"]
[SourceQuality "1"]

1. e4 d6 2. d4 g6 3. Nc3 Bg7 4. f4 Nd7 5. Nf3 c5 6. d5 Qa5 7. Bd2 a6 8. Bd3 Ngf6 9. 0-0 0-0 10. Kh1 Qc7 11. a4 b6 12. Qe2 Ne8 13. Rae1 e5 14. fxe5 Nxe5 15. Nxe5 dxe5 16. Nd1 Nd6 17. c4 Bd7 18. b3 f5 19. exf5 Bxf5 20. Nf2 Rae8 21. Ne4 Bxe4 22. Bxe4 Qe7 23. Qg4 Nxe4 24. Qxe4 Qd6 25. Kg1 a5 26. Bc3 Rxf1+ 27. Rxf1 Rf8 28. Rxf8+ Qxf8 29. Qf3 Qd6 30. Qg4 h5 31. Qc8+ Qf8 32. Qxf8+ Kxf8 33. Kf2 Ke7 34. Ke3 Kd6 35. Ke4 Bf6 36. Bd2 Kd7 37. Be1 Kd6 38. Bg3 h4 39. Bf2 Bg5 40. h3 Bf6 41. g3 hxg3 42. Bxg3 Bg7 43. Bh4 Kd7 44. Bg5 Bh8 45. Bh6 Ke7 46. Bg5+ Kd7 47. Bh4 Bg7 48. Bg3 Kd6 49. Kf3 Bf6 50. Kg4 Kd7 51. h4 Kd6 52. h5 gxh5+ 53. Kxh5 Ke7 54. Kg6 e4 55. Kf5 e3 56. Ke4 Bd4 57. Kd3 Kd7 58. Bf4 e2 59. Kxe2 Bc3 60. Kf3 Bf6 61. Ke4 Bd8 62. Kf5 Be7 63. Bg3 Kc8 64. Ke6 Bg5 65. Be5 Bd8 66. Bh8 Bg5 67. Bf6 Bxf6 68. Kxf6 Kd7 69. Ke5 Ke7 70. d6+ Kd8 71. Ke6 Ke8 72. Kd5 Kd7 73. Ke5 Kd8 74. Ke6 Ke8 75. d7+ Kd8 76. Kd6 b5 77. axb5 a4 78. b6 a3 79. b7 1-0

[Event "Zagreb op"]
[Site "Zagreb"]
[Date "2007.03.25"]
[Round "9"]
[White "Celepirovic, Vinko"]
[Black "Gabre, Zeljko"]
[Result "0-1"]
[WhiteElo "2065"]
[BlackElo "2190"]
[PlyCount "104"]
[EventDate "2007.03.17"]
[EventType "swiss"]
[EventRounds "9"]
[EventCountry "CRO"]
[SourceTitle "CBM 117 Extra"]
[Source "ChessBase"]
[SourceDate "2007.05.09"]
[SourceVersion "1"]
[SourceVersionDate "2007.05.09"]
[SourceQuality "1"]

1. e4 g6 2. h4 h5 3. d4 d6 4. Be3 Nf6 5. f3 Bg7 6. Bc4 Nc6 7. a3 e5 8. d5 Ne7 9. Nc3 c6 10. dxc6 bxc6 11. Qd2 d5 12. 0-0-0 d4 13. Bg5 Qa5 14. Nb1 Qb6 15. Qb4 Rb8 16. Bd2 0-0 17. b3 c5 18. Qxb6 axb6 19. a4 Bd7 20. Na3 Ne8 21. Nb5 Bxb5 22. axb5 Nd6 23. Kb2 Nxc4+ 24. bxc4 Ra8 25. Ne2 Ra4 26. Ra1 Rfa8 27. Rxa4 Rxa4 28. Ra1 Rxa1 29. Kxa1 Nc8 30. Ka2 Nd6 31. Kb3 Bf6 32. g3 Be7 33. c3 f5 34. cxd4 cxd4 35. exf5 gxf5 36. f4 Ne4 37. Bb4 d3 38. Nc3 exf4 39. gxf4 Bxh4 40. Nd5 Bf2 41. Ne7+ Kf7 42. Nxf5 Kf6 43. Nd6 Nxd6 44. Bxd6 Ke6 45. Bc7 Bd4 46. Bd8 Kf5 47. Bg5 Ke4 48. Bh6 h4 49. c5 Bxc5 50. f5 h3 51. f6 h2 52. f7 h1Q 0-1

[Event "CRO-chT3 Center"]
[Site "Zagreb"]
[Date "2005.05.15"]
[Round "5.5"]
[White "Kajtazi, Driton"]
[Black "Celepirovic, Vinko"]
[Result "1-0"]
[WhiteElo "2139"]
[BlackElo "2057"]
[PlyCount "78"]
[EventDate "2005.04.03"]
[EventType "team-tourn"]
[EventRounds "11"]
[EventCountry "CRO"]
[SourceTitle "EXT 2007"]
[Source "ChessBase"]
[SourceDate "2006.11.23"]
[SourceVersion "1"]
[SourceVersionDate "2006.11.23"]
[SourceQuality "1"]

1. Nf3 Nf6 2. d3 c6 3. e4 d6 4. Be2 Bg4 5. Nd4 Bxe2 6. Qxe2 g6 7. f4 e5 8. Nf3 Bg7 9. 0-0 0-0 10. c3 Nbd7 11. Na3 Qc7 12. Nc2 Rfe8 13. fxe5 dxe5 14. Kh1 Rad8 15. Be3 c5 16. Bg5 h6 17. Bh4 g5 18. Bf2 Qc6 19. Ne3 Nf8 20. g3 Ng6 21. Ne1 b5 22. N1g2 Rd7 23. b3 Red8 24. Rad1 Bf8 25. Nf5 c4 26. bxc4 bxc4 27. d4 Qxe4 28. Qxe4 Nxe4 29. Rc1 Nxf2+ 30. Rxf2 Bg7 31. Nxg7 Kxg7 32. Ne3 Rc8 33. d5 Ne7 34. Rcf1 Ng8 35. d6 Rc6 36. Rb1 Nf6 37. Nf5+ Kh7 38. Ne7 Rcxd6 39. Nc8 Re6 1-0